[Event "ICS rated blitz match"]
[Site "204.178.125.65"]
[Date "2000.03.08"]
[Round "?"]
[White "Bongo"]
[Black "Hossa"]
[Result "1/2-1/2"]
[WhiteElo "2070"]
[BlackElo "2410"]
[PlyCount "45"]

1. e4 e5 2. Nf3 Nc6 3. Bb5 a6 4. Ba4 Nf6 5. O-O Be7 6. Re1 b5 7. Bb3 O-O 8. c3
d5 9. exd5 Nxd5 10. Nxe5 Nxe5 11. Rxe5 c6 12. d4 Bd6 13. Re1 Qh4 14. g3 Qh3 15.
Be3 Bg4 16. Qd3 Rae8 17. Nd2 Re6 18. Qf1 Qh5 19. a4 Bh3 20. Qe2 Bg4 21. Qf1 Bh3
22. Qe2 Bg4 23. Qf1 1/2-1/2

[Event "ICS rated blitz match"]
[Site "204.178.125.65"]
[Date "2000.03.08"]
[Round "?"]
[White "Hossa"]
[Black "Bongo"]
[Result "1-0"]
[WhiteElo "2398"]
[BlackElo "2082"]
[PlyCount "45"]

1. e4 c5 2. Nf3 d6 3. Bb5+ Bd7 4. Bxd7+ Qxd7 5. O-O Nc6 6. c3 Nf6 7. Qe2 e6 8.
d4 cxd4 9. cxd4 d5 10. e5 Ne4 11. Nbd2 Nxd2 12. Bxd2 Be7 13. Rfc1 O-O 14. Rc2
Rac8 15. Rac1 Nb4 16. Bxb4 Bxb4 17. g3 Be7 18. Ne1 Rxc2 19. Qxc2 Rb8 20. Nd3
Kf8 21. Nc5 Bxc5 22. Qxc5+ Ke8 23. Qxa7 1-0

[Event "ICS rated blitz match"]
[Site "204.178.125.65"]
[Date "2000.03.08"]
[Round "?"]
[White "er"]
[Black "Hossa"]
[Result "0-1"]
[WhiteElo "2068"]
[BlackElo "2402"]
[PlyCount "31"]

1. e4 e5 2. Nf3 Nc6 3. Bc4 Bc5 4. b4 Bxb4 5. c3 Ba5 6. d4 d6 7. Qb3 Qd7 8. dxe5
Bb6 9. Bb5 a6 10. Ba4 Bc5 11. c4 Nge7 12. exd6 cxd6 13. O-O O-O 14. Nc3 Qg4 15.
h3 Qg3 16. Be3 0-1

[Event "ICS rated standard match"]
[Site "204.178.125.65"]
[Date "2000.03.08"]
[Round "?"]
[White "star"]
[Black "Hossa"]
[Result "1-0"]
[WhiteElo "2521"]
[BlackElo "2180"]
[PlyCount "113"]

1. e4 e5 2. Nf3 Nc6 3. Bb5 a6 4. Ba4 Nf6 5. O-O Be7 6. Re1 b5 7. Bb3 O-O 8. c3
d5 9. exd5 Nxd5 10. Nxe5 Nxe5 11. Rxe5 c6 12. d4 Bd6 13. Re1 Qh4 14. g3 Qh3 15.
Be3 Bg4 16. Qd3 Rae8 17. Nd2 Re6 18. a4 Qh5 19. axb5 axb5 20. Bxd5 Qxd5 21. c4
bxc4 22. Qxc4 Bf3 23. Rec1 Bb8 24. Qf1 Be4 25. Rc5 Qd7 26. Nxe4 Rxe4 27. Ra6
Re6 28. Qc4 Qb7 29. b3 Qe7 30. Qc3 Qf6 31. Rcxc6 Qf3 32. b4 Kh8 33. Rc8 Ree8
34. Rxe8 Rxe8 35. Qc6 Qd1+ 36. Kg2 Rf8 37. Ra8 Qb1 38. Bf4 Qxb4 39. Bxb8 Kg8
40. Ba7 Rxa8 41. Qxa8+ Qf8 42. Qxf8+ Kxf8 43. Bc5+ Ke8 44. Kf3 h5 45. Ke4 f6
46. h4 Kf7 47. Kd5 f5 48. Kc6 g5 49. d5 Kg6 50. d6 gxh4 51. gxh4 f4 52. d7 Kf7
53. d8=Q Ke6 54. Qe7+ Kf5 55. f3 Kg6 56. Bd4 Kf5 57. Qf7# 1-0

[Event "ICS rated blitz match"]
[Site "204.178.125.65"]
[Date "2000.03.08"]
[Round "?"]
[White "Hossa"]
[Black "MissSilicon"]
[Result "0-1"]
[WhiteElo "2406"]
[BlackElo "2683"]
[PlyCount "132"]

1. d4 Nf6 2. c4 e6 3. Nc3 Bb4 4. Qc2 c5 5. dxc5 O-O 6. Nf3 Na6 7. g3 Nxc5 8.
Bg2 Nfe4 9. O-O Bxc3 10. bxc3 Qa5 11. Ng5 Nf6 12. Bf4 h6 13. Nf3 Qa4 14. Rac1
Re8 15. Rfd1 Nfe4 16. Rd4 f5 17. Bh1 Qa6 18. Rcd1 d6 19. Nd2 e5 20. Nxe4 Nxe4
21. Bxe4 exd4 22. Bd5+ Kh8 23. cxd4 Be6 24. Bxe6 Rxe6 25. e3 Rf6 26. h4 Rc8 27.
Rc1 b5 28. c5 dxc5 29. dxc5 Qc6 30. Qd3 Qe8 31. Qe2 a6 32. Rc2 Qc6 33. Qd1 Qe4
34. f3 Qe8 35. Rc3 Rfc6 36. Qd4 Qg8 37. Qd2 Rxc5 38. Rxc5 Rxc5 39. e4 Qc8 40.
Bxh6 gxh6 41. Qxh6+ Kg8 42. Qg6+ Kf8 43. Qf6+ Ke8 44. Qh8+ Kd7 45. Qh7+ Kd8 46.
exf5 Qxf5 47. Qg8+ Ke7 48. Kg2 Rc2+ 49. Kg1 Qc5+ 50. Kh1 Qc3 51. Qg5+ Kd7 52.
Qf5+ Kc7 53. Qf4+ Kb7 54. Qf7+ Kb6 55. Qg6+ Ka5 56. Qxc2 Qxc2 57. a3 Qf2 58. f4
Qxg3 59. h5 Qxf4 60. Kg1 Ka4 61. Kg2 Kxa3 62. Kg1 b4 63. Kg2 b3 64. h6 b2 65.
Kh3 b1=Q 66. Kg2 Qbf1# 0-1

[Event "ICS rated blitz match"]
[Site "204.178.125.65"]
[Date "2000.03.08"]
[Round "?"]
[White "MissSilicon"]
[Black "Hossa"]
[Result "0-1"]
[WhiteElo "2688"]
[BlackElo "2401"]
[PlyCount "198"]

1. f4 d5 2. e3 Nf6 3. Nf3 c5 4. Nc3 e6 5. Bb5+ Bd7 6. O-O Bxb5 7. Nxb5 Nc6 8.
b3 Be7 9. Bb2 a6 10. Nc3 O-O 11. d4 cxd4 12. Nxd4 Qc7 13. a3 Bc5 14. Qd2 Ng4
15. Rad1 Qe7 16. b4 Bxd4 17. exd4 Qh4 18. h3 Nh6 19. Na4 Nf5 20. Nc5 Nd6 21. c3
Qh5 22. Qc2 Rfd8 23. Qa4 Rdc8 24. Rde1 b6 25. Nd7 Nc4 26. Bc1 Rc7 27. Ne5 N6xe5
28. fxe5 b5 29. Qb3 Rac8 30. Rf3 Qh4 31. Ref1 Qe4 32. a4 Qe2 33. R3f2 Qd3 34.
Rf3 Qg6 35. axb5 axb5 36. Qa2 Rd8 37. Qf2 Re8 38. Rg3 Qf5 39. Qxf5 exf5 40.
Rxf5 Rc6 41. Kf2 Ra8 42. Ke2 Ra2+ 43. Kd3 Ra1 44. Rf1 Nb2+ 45. Ke2 Nc4 46. Rgf3
Ra2+ 47. Kd3 Ra7 48. g3 h6 49. Ke2 Ra2+ 50. Kd3 Ra7 51. h4 Kf8 52. g4 Ke8 53.
h5 Rcc7 54. R3f2 Rc6 55. Bf4 Rca6 56. Re2 Kd7 57. g5 hxg5 58. Bxg5 Ke8 59. Rh1
Rc6 60. h6 gxh6 61. Rxh6 Rxh6 62. Bxh6 Ra1 63. Rf2 Rg1 64. Bf4 Rg4 65. Rf3 Rg2
66. Bc1 Ke7 67. Rf5 Rg3+ 68. Kc2 Rg2+ 69. Kb3 Rg1 70. Bg5+ Ke8 71. Bh6 Rg2 72.
Bc1 Rg1 73. Kc2 Rg2+ 74. Kb1 Rg3 75. Rh5 Rxc3 76. Rh8+ Ke7 77. Bg5+ Ke6 78.
Rh6+ Kf5 79. Be7 Rf3 80. Kc2 Ke4 81. Rh4+ Rf4 82. Rxf4+ Kxf4 83. Kc3 Ke4 84.
Bc5 Ne3 85. Ba7 Nf5 86. Bc5 Ke3 87. Kc2 Ng3 88. Kd1 Ne2 89. Kc2 Ke4 90. Kb2
Nxd4 91. Bd6 Nc6 92. Bc5 Nxe5 93. Kc3 Nd3 94. Kc2 f5 95. Kd2 f4 96. Bd6 d4 97.
Be7 f3 98. Bd8 Nxb4 99. Bh4 Nd3 0-1

[Event "ICS rated blitz match"]
[Site "204.178.125.65"]
[Date "2000.03.08"]
[Round "?"]
[White "Hossa"]
[Black "MissSilicon"]
[Result "0-1"]
[WhiteElo "2428"]
[BlackElo "2661"]
[PlyCount "136"]

1. d4 d5 2. c4 e6 3. Nc3 Nf6 4. Bg5 Be7 5. e3 Nbd7 6. Nf3 O-O 7. Rc1 c6 8. cxd5
Nxd5 9. Bxe7 Qxe7 10. Be2 Nxc3 11. Rxc3 e5 12. O-O e4 13. Nd2 Nb6 14. Rc5 f5
15. Bc4+ Nxc4 16. Nxc4 b6 17. Rxc6 Bd7 18. Qb3 Bxc6 19. Ne5+ Bd5 20. Qxd5+ Kh8
21. f3 Rad8 22. Qb3 exf3 23. Rxf3 Rf6 24. Qc3 Qb7 25. Qd3 Qc7 26. Rf1 Rc8 27.
Qb5 Qb7 28. Re1 h6 29. Qb3 Qe4 30. Nd3 f4 31. Nf2 Qc2 32. e4 Qd2 33. Qd1 Qxb2
34. Re2 Qc1 35. Re1 Qxd1 36. Rxd1 Rc2 37. a4 f3 38. gxf3 Rxf3 39. Ng4 Rf4 40.
Ne5 Rxe4 41. h3 Re3 42. h4 Rg3+ 43. Kh1 Rh3+ 44. Kg1 Kh7 45. d5 Rch2 46. d6
Rh1+ 47. Kg2 Rxd1 48. Kxh3 Rxd6 49. Kg3 Rd4 50. h5 Rxa4 51. Ng6 Ra5 52. Nf4
Rg5+ 53. Kh4 a5 54. Ne2 Rc5 55. Kg3 a4 56. Nd4 Rc3+ 57. Kf4 a3 58. Ne6 Rc4+ 59.
Ke3 a2 60. Nf8+ Kg8 61. Kd3 Rb4 62. Kc3 Rb5 63. Ng6 a1=Q+ 64. Kd3 Qa3+ 65. Ke4
Qa4+ 66. Ke3 Rb3+ 67. Kd2 Qa2+ 68. Kd1 Rb1# 0-1

[Event "ICS rated bullet match"]
[Site "204.178.125.65"]
[Date "2000.03.08"]
[Round "?"]
[White "Hossa"]
[Black "carbide"]
[Result "1/2-1/2"]
[WhiteElo "2327"]
[BlackElo "2324"]
[PlyCount "67"]

1. e4 e6 2. d4 d5 3. Nc3 Nf6 4. e5 Nfd7 5. f4 c5 6. Nf3 Nc6 7. Be3 cxd4 8. Nxd4
Bc5 9. Qd2 O-O 10. O-O-O a6 11. h4 Nxd4 12. Bxd4 b5 13. Rh3 b4 14. Na4 Bxd4 15.
Qxd4 Qa5 16. b3 Bb7 17. h5 Bc6 18. h6 g6 19. c4 Bxa4 20. bxa4 Nb6 21. f5 Nxc4
22. fxg6 fxg6 23. Qg4 Qb6 24. Bxc4 dxc4 25. Rf3 Rxf3 26. gxf3 Qe3+ 27. Kb1 Qxe5
28. Qxc4 Qf5+ 29. Kb2 Qf6+ 30. Kc2 Qf5+ 31. Kb2 Qf6+ 32. Kc2 Qf5+ 33. Kb2 Qf6+
34. Kc2 1/2-1/2

[Event "ICS rated blitz match"]
[Site "204.178.125.65"]
[Date "2000.03.08"]
[Round "?"]
[White "MysticWarrior"]
[Black "Hossa"]
[Result "1-0"]
[WhiteElo "2780"]
[BlackElo "2421"]
[PlyCount "89"]

1. e4 c5 2. Nc3 Nc6 3. g3 g6 4. Bg2 Bg7 5. d3 d6 6. f4 e6 7. Nf3 Nge7 8. O-O
O-O 9. Be3 Nd4 10. e5 Nef5 11. Bf2 Nxf3+ 12. Qxf3 Nd4 13. Qd1 dxe5 14. fxe5
Bxe5 15. Ne4 f5 16. Nxc5 f4 17. gxf4 Bxf4 18. c3 Nf5 19. Qb3 Qd6 20. Rae1 Bxh2+
21. Kh1 Ng3+ 22. Bxg3 Bxg3 23. Ne4 Rxf1+ 24. Rxf1 Qe7 25. Nxg3 Qh4+ 26. Kg1
Qxg3 27. Qb5 Qe3+ 28. Rf2 Kg7 29. Qe8 Kh6 30. Qf8+ Kg5 31. Qg7 Qg3 32. Qe7+ Kh6
33. Rf7 Qe3+ 34. Kh1 Qe1+ 35. Bf1 Kh5 36. Rxh7+ Kg4 37. Qf6 Qxf1+ 38. Qxf1 e5
39. Qh3+ Kf4 40. Rf7+ Kg5 41. Qg3+ Bg4 42. Qxe5+ Kh6 43. Qf4+ g5 44. Qf6+ Kh5
45. Rh7# 1-0

[Event "ICS rated standard match"]
[Site "204.178.125.65"]
[Date "2000.03.08"]
[Round "?"]
[White "Hossa"]
[Black "Chess-Daddy"]
[Result "0-1"]
[WhiteElo "2176"]
[BlackElo "2510"]
[PlyCount "142"]

1. e4 Nf6 2. e5 Nd5 3. d4 d6 4. Nf3 g6 5. Bc4 c6 6. O-O Bg7 7. exd6 Qxd6 8. h3
O-O 9. Nbd2 Bf5 10. Bb3 Rd8 11. Nc4 Qc7 12. Ne3 Nxe3 13. fxe3 c5 14. c3 c4 15.
Bc2 Bxc2 16. Qxc2 e5 17. Ng5 Rd7 18. Qf2 h6 19. Ne4 f5 20. Nc5 Rd6 21. Qf3 Nc6
22. Qe2 Qf7 23. Ne4 Rdd8 24. Nd2 b5 25. Qf3 Qe6 26. h4 b4 27. Rb1 h5 28. a3 a5
29. g3 b3 30. Ra1 a4 31. Rd1 Rac8 32. Qg2 Ne7 33. Nf3 e4 34. Ng5 Qd6 35. Nh3
Rb8 36. Rf1 Nd5 37. Nf4 Rb5 38. Nxd5 Rxd5 39. Qf2 Bf6 40. Bd2 Qe7 41. Rad1 Qc7
42. Be1 Bg7 43. Ra1 Bh6 44. Bd2 Rf8 45. Kh1 Bg7 46. Rac1 Rfd8 47. Kg1 R5d7 48.
Rcd1 Qc6 49. Bc1 Qd5 50. Rd2 Rf7 51. Re2 Rd6 52. Qf4 Rfd7 53. Rg2 Ra6 54. Qb8+
Rd8 55. Qc7 Rad6 56. Rgf2 Qb5 57. Kh1 Qa6 58. Rxf5 gxf5 59. Rxf5 R6d7 60. Qf4
Qe6 61. Kg1 Rf8 62. Rxf8+ Bxf8 63. Qg5+ Rg7 64. Qxh5 Rxg3+ 65. Kf2 Bd6 66. Ke1
Qh3 67. Qd5+ Kg7 68. Qxc4 Rg2 69. Qe2 Bg3+ 70. Kd2 Qh1 71. Qxg2 Qe1# 0-1

[Event "ICS rated blitz match"]
[Site "204.178.125.65"]
[Date "2000.03.08"]
[Round "?"]
[White "PostModernist"]
[Black "Hossa"]
[Result "0-1"]
[WhiteElo "2541"]
[BlackElo "2417"]
[PlyCount "192"]

1. d4 Nf6 2. c4 g6 3. Nc3 Bg7 4. Nf3 d6 5. e4 Bg4 6. Be2 Nbd7 7. O-O e5 8. d5
Nc5 9. Ng5 Bxe2 10. Qxe2 a5 11. Be3 h6 12. Bxc5 hxg5 13. Be3 Nd7 14. Qg4 Bf6
15. a3 Be7 16. b4 Nf6 17. Qg3 Nd7 18. Qf3 Ra6 19. b5 Ra8 20. Rfe1 f6 21. Qe2
Bf8 22. Qg4 Be7 23. Rad1 b6 24. Qe2 Ra7 25. f3 Bf8 26. Qf2 Bg7 27. Qg3 Ra8 28.
Na4 Rh4 29. Re2 Kf7 30. Bf2 Qe7 31. Ree1 Rah8 32. h3 Ke8 33. Be3 Kd8 34. Re2
Kc8 35. Bf2 f5 36. Qh2 R4h5 37. exf5 gxf5 38. Rf1 Bf6 39. Qg3 Rh4 40. Rc1 Qh7
41. Qh2 Rh6 42. Qg3 Rh5 43. Rd1 Rh4 44. Rc1 Be7 45. Rc3 g4 46. fxg4 Rxg4 47.
Qe3 Qh5 48. Qd2 Rg6 49. Qc2 Rhg8 50. Be1 e4 51. Kh1 Ne5 52. Ree3 Rxg2 53. Qxg2
Rxg2 54. Kxg2 f4 55. Bf2 fxe3 56. Rxe3 Bh4 57. Bxh4 Qxh4 58. Rg3 Nxc4 59. Nc3
Qf4 60. Ne2 Qd2 61. Kf2 e3+ 62. Kf3 Qxd5+ 63. Kg4 Qe4+ 64. Kg5 Nxa3 65. Kh6
Nxb5 66. Rg4 Qf3 67. Ng1 Qf8+ 68. Kh7 e2 69. Nxe2 Qe7+ 70. Kh6 Qxe2 71. Rg8+
Kb7 72. Rg3 Nd4 73. Rg4 Qe3+ 74. Kg6 Qd3+ 75. Kg7 Qxh3 76. Rg1 c5 77. Kg8 b5
78. Rg6 a4 79. Rg7+ Kb6 80. Rg6 Ka5 81. Rg1 Qe6+ 82. Kh7 Qf7+ 83. Rg7 Qxg7+ 84.
Kxg7 a3 85. Kf6 c4 86. Ke7 c3 87. Kxd6 b4 88. Kd5 b3 89. Kxd4 Kb4 90. Ke4 b2
91. Kd5 b1=Q 92. Kd6 Qg6+ 93. Kd7 a2 94. Kd8 a1=Q 95. Ke7 Qa7+ 96. Kd8 Qg8# 0-1

[Event "ICS rated blitz match"]
[Site "204.178.125.65"]
[Date "2000.03.08"]
[Round "?"]
[White "Hossa"]
[Black "PostModernist"]
[Result "0-1"]
[WhiteElo "2438"]
[BlackElo "2520"]
[PlyCount "145"]

1. e4 c6 2. d4 d5 3. Nc3 dxe4 4. Nxe4 Nd7 5. Ng5 Nb6 6. Bd3 g6 7. N1f3 Bg7 8.
O-O Nh6 9. c3 O-O 10. Re1 Nf5 11. Bd2 h6 12. Nh3 Nd6 13. Nf4 Bg4 14. h3 Bf5 15.
Bxf5 Nxf5 16. Qb3 e6 17. Nd3 Qe7 18. Nc5 Rfd8 19. g3 Rd5 20. Bf4 g5 21. Be5 f6
22. g4 fxe5 23. gxf5 exd4 24. Nxe6 dxc3 25. bxc3 Qf7 26. Nxg7 Kxg7 27. Re5 Rf8
28. Rae1 Rxe5 29. Rxe5 Nc4 30. Rc5 b6 31. Rxc6 Qxf5 32. Qxc4 Qxf3 33. Qd4+ Kh7
34. Rc7+ Rf7 35. Rxf7+ Qxf7 36. a4 Kg6 37. Qe4+ Qf5 38. Qe8+ Kg7 39. Qe7+ Qf7
40. Qe5+ Kh7 41. Qd4 Qc7 42. Kg2 Kg6 43. f3 Kh7 44. Qe4+ Kg7 45. Qd4+ Kg6 46.
Qe4+ Kf6 47. Qd4+ Qe5 48. Qd8+ Kf7 49. Qd3 Qf6 50. Qh7+ Qg7 51. Qf5+ Ke7 52.
Qe4+ Kd6 53. Qd3+ Kc6 54. Qe4+ Kc7 55. Qc4+ Kb8 56. Qc6 Qf8 57. a5 bxa5 58.
Qb5+ Kc7 59. Qxa5+ Kb7 60. Qb5+ Kc8 61. Qa6+ Kb8 62. c4 Qg7 63. Qd6+ Kb7 64.
Kg3 Qc7 65. Qxc7+ Kxc7 66. f4 a5 67. f5 Kd6 68. Kg4 a4 69. f6 Ke6 70. c5 Kxf6
71. c6 Ke7 72. c7 Kd7 73. c8=Q+ 0-1

[Event "ICS rated bullet match"]
[Site "204.178.125.65"]
[Date "2000.03.08"]
[Round "?"]
[White "Beadle"]
[Black "Hossa"]
[Result "1/2-1/2"]
[WhiteElo "2395"]
[BlackElo "2327"]
[PlyCount "200"]

1. e4 e5 2. Nf3 Nc6 3. Bc4 Nf6 4. d3 Be7 5. O-O O-O 6. Bb3 d5 7. exd5 Nxd5 8.
h3 Qd6 9. Bxd5 Qxd5 10. Nc3 Qa5 11. Be3 Ba3 12. Qb1 Bb4 13. Ne4 f5 14. a3 fxe4
15. axb4 Qxb4 16. Qa2+ Kh8 17. Ng5 Qe7 18. Nxe4 Be6 19. Qa4 Qf7 20. Bc5 Rfe8
21. Qb5 Bc8 22. Ra4 a6 23. Qb3 Qxb3 24. cxb3 Be6 25. Ra3 Red8 26. Be3 Bf5 27.
Rc1 Rab8 28. b4 Nxb4 29. Rxc7 Nxd3 30. Ng5 Kg8 31. Ba7 Rbc8 32. Rxb7 Rc1+ 33.
Kh2 Rf1 34. Bb6 Re8 35. Rc3 h6 36. g4 hxg5 37. gxf5 Nf4 38. Rcc7 Nh5 39. Be3
Rf8 40. Kg2 Ra1 41. Bxg5 Rxf5 42. Be3 Kh7 43. Rd7 Kg6 44. f3 Rb1 45. h4 Rf6 46.
Bd2 Rc6 47. Bc3 Re6 48. Rbc7 Nf4+ 49. Kh2 Kh5 50. Rxg7 Rf1 51. Rg5+ Kxh4 52.
Rg4+ Kh5 53. Rh7+ Rh6 54. Rxh6+ Kxh6 55. Bxe5 Nd3 56. Bg7+ Kh7 57. Kg2 Re1 58.
Bd4 Re2+ 59. Kg3 Nxb2 60. Rg7+ Kh6 61. Ra7 Nc4 62. Rxa6+ Kh5 63. Kf4 Rg2 64.
Rc6 Nd2 65. Rc5+ Kh6 66. Be3 Nf1 67. Bc1 Kg6 68. Rc6+ Kf7 69. Kf5 Ng3+ 70. Ke5
Re2+ 71. Kf4 Nh1 72. Be3 Nf2 73. Bd4 Rd2 74. Rc4 Ke6 75. Ke3 Ra2 76. Rc6+ Kd7
77. Rg6 Nd1+ 78. Kf4 Nf2 79. Kf5 Nd3 80. Ke4 Rd2 81. Ke3 Rd1 82. Rg7+ Kc6 83.
Ke2 Kd5 84. Bc3 Rh1 85. Kxd3 Rf1 86. Rg5+ Ke6 87. Ke4 Rc1 88. Rg6+ Kd7 89. Bd4
Rb1 90. f4 Re1+ 91. Kd5 Rf1 92. Rg7+ Ke8 93. Be5 Rb1 94. Ke6 Kf8 95. Rg3 Re1
96. Rc3 Kg8 97. Rc8+ Kh7 98. Kf7 Rxe5 99. fxe5 Kh6 100. Kf6 Kh7 1/2-1/2

[Event "ICS rated bullet match"]
[Site "204.178.125.65"]
[Date "2000.03.08"]
[Round "?"]
[White "Hossa"]
[Black "Beadle"]
[Result "0-1"]
[WhiteElo "2330"]
[BlackElo "2392"]
[PlyCount "96"]

1. d4 Nf6 2. c4 e6 3. Nc3 Bb4 4. e3 c5 5. Bd3 b6 6. Nf3 Bb7 7. O-O O-O 8. a3
Bxc3 9. bxc3 d6 10. Bd2 Nbd7 11. Ng5 h6 12. Nf3 Qc7 13. Bc1 Ne4 14. Bb2 Kh8 15.
Qc2 f5 16. Qb3 Ndf6 17. a4 Bc6 18. Rab1 Qd7 19. Bc2 Qf7 20. Rfd1 Qg6 21. d5 Bd7
22. Ba3 Rac8 23. dxe6 Bxe6 24. Bb2 Kh7 25. Ra1 Rf7 26. a5 Rc6 27. Qb5 Rfc7 28.
a6 Kh8 29. Rac1 Qf7 30. Bd3 Qh5 31. Rb1 Ng4 32. Bc2 Ngxf2 33. Rf1 Ng4 34. Rfe1
Ng5 35. h3 Nxf3+ 36. gxf3 Ne5 37. f4 Nf3+ 38. Kg2 Nh4+ 39. Kh2 Qf3 40. Rg1 Qe2+
41. Kg3 Qxe3+ 42. Kh2 Qxf4+ 43. Kh1 Qf3+ 44. Kh2 f4 45. Rg6 Nxg6 46. Bxg6 Qg3+
47. Kh1 f3 48. Be4 Qg2# 0-1

[Event "ICS rated blitz match"]
[Site "204.178.125.65"]
[Date "2000.03.08"]
[Round "?"]
[White "Hossa"]
[Black "blunite"]
[Result "1-0"]
[WhiteElo "2435"]
[BlackElo "2247"]
[PlyCount "71"]

1. e4 e6 2. d4 d5 3. Nc3 Bb4 4. e5 c5 5. a3 Bxc3+ 6. bxc3 Ne7 7. Nf3 Nbc6 8. a4
Qc7 9. Bg5 O-O 10. Be2 Bd7 11. O-O Rae8 12. Bd3 f6 13. exf6 gxf6 14. Bh6 Rf7
15. dxc5 e5 16. c4 d4 17. Nh4 f5 18. Qh5 e4 19. Be2 Qe5 20. Rab1 Bc8 21. Qg5+
Kh8 22. Rfe1 Rg8 23. Qc1 Qf6 24. Bh5 Ng6 25. Bg5 Qe5 26. Bxg6 hxg6 27. Nf3 Qxc5
28. Bf6+ Rgg7 29. Qh6+ Kg8 30. Bxg7 Rxg7 31. Ng5 Qxc4 32. Rbc1 Qxa4 33. f3 e3
34. c3 d3 35. Rxe3 d2 36. Re8# 1-0

[Event "ICS Rated blitz match"]
[Site "204.178.125.65"]
[Date "2000.03.08"]
[Round "?"]
[White "Hossa"]
[Black "QueenMaxima"]
[Result "1-0"]
[WhiteElo "2443"]
[BlackElo "2234"]
[PlyCount "85"]

1. d4 d5 2. c4 e6 3. Nc3 c5 4. cxd5 exd5 5. Nf3 Nc6 6. g3 Be7 7. dxc5 Nf6 8.
Be3 Ng4 9. Bd4 Nxd4 10. Qxd4 Nf6 11. Bg2 Qc7 12. b4 a5 13. Nb5 Qc6 14. a4 Qd7
15. Ne5 Qd8 16. e4 Be6 17. exd5 Bxd5 18. Bxd5 Nxd5 19. Qxd5 Qxd5 20. Nc7+ Kf8
21. Nxd5 axb4 22. c6 bxc6 23. Nxc6 Bc5 24. O-O b3 25. Rfb1 Ke8 26. Rxb3 Kd7 27.
Ncb4 Rab8 28. Rd3 Bxb4 29. Nxb4+ Ke6 30. Nc6 Rbf8 31. Re1+ Kf5 32. Rd5+ Kf6 33.
Rd6+ Kg5 34. h4+ Kg4 35. Kg2 f6 36. Rd7 g6 37. Ree7 Rf7 38. f3+ Kh5 39. Rxf7
Kh6 40. g4 f5 41. g5+ Kh5 42. Rxh7+ Rxh7 43. Rxh7# 1-0

[Event "ICS rated blitz match"]
[Site "204.178.125.65"]
[Date "2000.03.08"]
[Round "?"]
[White "patopato"]
[Black "Hossa"]
[Result "0-1"]
[WhiteElo "2110"]
[BlackElo "2450"]
[PlyCount "98"]

1. e4 e5 2. Nf3 Nc6 3. d4 exd4 4. Bc4 Nf6 5. e5 Ng4 6. Bf4 Bb4+ 7. c3 dxc3 8.
bxc3 Bc5 9. O-O Qe7 10. Qe2 Na5 11. Bd3 d6 12. exd6 Qxe2 13. Bxe2 cxd6 14. Nd4
O-O 15. Nd2 Re8 16. Bd3 d5 17. h3 Ne5 18. Bxe5 Rxe5 19. Rfe1 f6 20. N2b3 Nxb3
21. Nxb3 b6 22. Kf1 Bd7 23. f4 Rxe1+ 24. Rxe1 Re8 25. Rxe8+ Bxe8 26. Ke2 Bd7
27. Ba6 Kf7 28. Bb7 Bb5+ 29. Kf3 Bc4 30. g4 g5 31. f5 Bd6 32. Ke3 Bf4+ 33. Kd4
Be5+ 34. Ke3 Bxc3 35. Bc8 a5 36. Be6+ Ke7 37. Bg8 d4+ 38. Nxd4 Bxg8 39. Nc6+
Kd7 40. Nb8+ Kc7 41. Na6+ Kb7 42. Nc5+ bxc5 43. Kd3 Bb4 44. Kc2 Bxa2 45. Kd3
c4+ 46. Kc2 c3 47. Kd3 Bb1+ 48. Ke2 c2 49. Ke3 c1=Q+ 0-1

[Event "ICS rated blitz match"]
[Site "204.178.125.65"]
[Date "2000.03.08"]
[Round "?"]
[White "Hossa"]
[Black "patopato"]
[Result "1-0"]
[WhiteElo "2454"]
[BlackElo "2106"]
[PlyCount "133"]

1. e4 c5 2. Nf3 Nc6 3. d4 cxd4 4. Nxd4 Nf6 5. Nc3 d6 6. Bg5 a6 7. Qd2 e6 8.
Nxc6 bxc6 9. O-O-O h6 10. Bf4 d5 11. exd5 cxd5 12. Qe3 Be7 13. Be5 Kf8 14. Qd4
Bd7 15. Bd3 Qa5 16. g4 Bb5 17. Rhe1 Bxd3 18. Rxd3 Bc5 19. Qf4 Qd8 20. Rd2 a5
21. Na4 Bb4 22. c3 Be7 23. Bxf6 Bxf6 24. Nc5 Kg8 25. Qe3 Kh7 26. c4 d4 27. Qd3+
Kg8 28. f4 Rc8 29. Ne4 Bh4 30. Rg1 e5 31. fxe5 Qc7 32. Nd6 Bg5 33. Nxc8 Qxc8
34. Qxd4 Qe6 35. Kc2 Bxd2 36. Kxd2 Kh7 37. Qd3+ g6 38. Rf1 Re8 39. Qd5 Qxd5+
40. cxd5 Kg7 41. Re1 Kf8 42. b3 Ke7 43. Kd3 Rc8 44. Re4 Rc1 45. Ra4 Rc5 46. Kd4
Rb5 47. Kc4 Rb7 48. Rxa5 Rc7+ 49. Rc5 Ra7 50. a4 Rb7 51. a5 Ra7 52. b4 Kd7 53.
h4 h5 54. gxh5 gxh5 55. Rc6 Ke7 56. a6 Rd7 57. Kc5 Ra7 58. Kb6 Ra8 59. Rc7+ Ke8
60. Rb7 Kd8 61. a7 Ke8 62. Rb8+ Ke7 63. Rxa8 f6 64. e6 f5 65. Rf8 f4 66. a8=Q
f3 67. Qd8# 1-0

[Event "ICS rated blitz match"]
[Site "204.178.125.65"]
[Date "2000.03.08"]
[Round "?"]
[White "patopato"]
[Black "Hossa"]
[Result "0-1"]
[WhiteElo "2102"]
[BlackElo "2458"]
[PlyCount "58"]

1. e4 e5 2. Nf3 Nc6 3. d4 exd4 4. Bc4 Nf6 5. e5 Ng4 6. Bf4 Bb4+ 7. c3 dxc3 8.
bxc3 Bc5 9. O-O Qe7 10. Qd5 d6 11. exd6 cxd6 12. Bg5 f6 13. Bf4 g5 14. Bg3 Nge5
15. Nxe5 fxe5 16. Nd2 h5 17. h3 Bf5 18. Rfe1 O-O-O 19. Bb5 Be6 20. Qe4 h4 21.
Bh2 Rdf8 22. Bxc6 Bxf2+ 23. Kh1 Bxe1 24. Bxb7+ Qxb7 25. Qxe1 Bxh3 26. Ne4 Bxg2+
27. Kxg2 h3+ 28. Kg1 Qb2 29. Nxd6+ Kd7 0-1

[Event "ICS rated bullet match"]
[Site "204.178.125.65"]
[Date "2000.03.08"]
[Round "?"]
[White "Falible"]
[Black "Hossa"]
[Result "0-1"]
[WhiteElo "2214"]
[BlackElo "2317"]
[PlyCount "104"]

1. b3 e5 2. Bb2 Nc6 3. g3 Nf6 4. Bg2 d5 5. d3 Bb4+ 6. Nd2 O-O 7. a3 Bxd2+ 8.
Qxd2 Bg4 9. e3 Qd6 10. h3 Bf5 11. Ne2 a6 12. O-O Qe6 13. Kh2 Rfd8 14. Ng1 Rdc8
15. Nf3 Re8 16. Ng1 b6 17. Rae1 a5 18. Qc1 a4 19. b4 Rac8 20. Qd2 Rf8 21. Rc1
b5 22. Rfd1 Bg6 23. Ne2 Qf5 24. Ng1 Rcd8 25. Qe1 Bh5 26. Qf1 Bxd1 27. Rxd1 g6
28. Rc1 Qh5 29. Nf3 Rc8 30. Kg1 Qf5 31. Nh2 Qg5 32. Bxd5 Nxd5 33. Nf3 Qf5 34.
Nd2 Nb6 35. Qg2 Ne7 36. Ne4 Rcd8 37. Nd2 f6 38. Nf1 Qe6 39. Nh2 Qa2 40. Nf1
Qxb2 41. Nh2 Qxc1+ 42. Nf1 Qxc2 43. Kh2 Qxd3 44. Kg1 Qxa3 45. Kh2 Qxb4 46. Kg1
Qb1 47. Kh2 Rd1 48. Kg1 a3 49. Kh2 Rxf1 50. Qf3 a2 51. Qg2 a1=Q 52. Qf3 Rxf2+
0-1

[Event "ICS rated blitz match"]
[Site "204.178.125.65"]
[Date "2000.03.08"]
[Round "?"]
[White "Hossa"]
[Black "Muskovit3"]
[Result "1/2-1/2"]
[WhiteElo "2462"]
[BlackElo "2699"]
[PlyCount "136"]

1. e4 e5 2. Nf3 Nc6 3. Bb5 a6 4. Ba4 Nf6 5. O-O Be7 6. Re1 b5 7. Bb3 d6 8. c3
O-O 9. h3 Na5 10. Bc2 c5 11. d4 Qc7 12. Nbd2 cxd4 13. cxd4 Nc6 14. a3 Bd7 15.
d5 Na5 16. Nf1 Rfc8 17. Bd3 Qd8 18. Ne3 Nc4 19. b3 Nxe3 20. Bxe3 Rc3 21. Rc1
Rac8 22. Rxc3 Rxc3 23. Qb1 Nh5 24. Bd2 Rc8 25. Qd1 Nf4 26. Bxf4 exf4 27. Qb1 h6
28. e5 dxe5 29. Nxe5 Be8 30. b4 Qxd5 31. Bh7+ Kh8 32. Qf5 Rd8 33. Nxf7+ Qxf7
34. Qxf7 Bxf7 35. Rxe7 Kxh7 36. Rxf7 Rd3 37. Rxf4 Rxa3 38. Kf1 a5 39. Rf5 axb4
40. Rxb5 Rb3 41. Rb6 Rb2 42. g4 b3 43. h4 Kg8 44. Rb7 Kh7 45. h5 Kg8 46. Kg2
Rb1 47. Kf3 Rb2 48. Ke3 Kh7 49. f3 Kg8 50. Kd4 Rd2+ 51. Kc4 b2 52. Kc3 Rf2 53.
Rb8+ Kf7 54. Rb7+ Kf6 55. Rb5 Rxf3+ 56. Kxb2 Rf4 57. Rb6+ Kg5 58. Rg6+ Kh4 59.
Rxg7 Rxg4 60. Rxg4+ Kxg4 61. Kc3 Kxh5 62. Kd3 Kg4 63. Ke2 Kg3 64. Kf1 h5 65.
Kg1 h4 66. Kh1 h3 67. Kg1 h2+ 68. Kh1 Kh3 1/2-1/2